Cuestión Chileno-Boliviana: Exposición del Ministro de Relaciones Esteriores de Chile sobre los motivos que justifican la reivindicación del territorio comprendido entre los paralelos 23 y 24 latitud Sur
Guardado en:
| Autor principal: | |
|---|---|
| Autor Corporativo: | |
| Formato: | Libro |
| Lenguaje: | español |
| Publicado: |
Valparaíso
Imprenta de La Patria, calle del Almendro, Número 16
1879
|
| Edición: | 1a. ed |
| Materias: | |
| Etiquetas: |
Agregar Etiqueta
Sin Etiquetas, Sea el primero en etiquetar este registro!
|
MARC
| LEADER | 00000nam a2200000 a 4500 | ||
|---|---|---|---|
| 001 | UCJ5117 | ||
| 003 | CL-VaPUC | ||
| 008 | 070124e18790000CL |||||||||||||||||spa|d | ||
| 082 | 0 | 4 | |a 983 |b FIE |2 21 |
| 100 | 0 | |a Fierro, Alejandro |e author |9 509926 | |
| 110 | 2 | |a República de Chile |e author |9 509927 | |
| 245 | 1 | 0 | |a Cuestión Chileno-Boliviana: Exposición del Ministro de Relaciones Esteriores de Chile sobre los motivos que justifican la reivindicación del territorio comprendido entre los paralelos 23 y 24 latitud Sur |
| 246 | 1 | 0 | |a Notas cambiadas entre el Ministro de Relaciones Esteriores de Chile y el Encargado de Negocios en Bolivia |
| 250 | |a 1a. ed | ||
| 300 | |a 96 p | ||
| 942 | |c BK | ||
| 945 | |d 20070124 00:00:00 |a rinostro | ||
| 260 | |a Valparaíso |b Imprenta de La Patria, calle del Almendro, Número 16 |c 1879 | ||
| 500 | |a La c. 1 no incluye las notas intercambiadas por los Ministros. Empastadas junto a otras monografías relativas al tema en un volumen rotulado Nueve folletos relacionados con la Guerra del 79; ubicación 983 REP | ||
| 600 | 0 | 7 | |a VIDELA, PEDRO NOLASCO |2 CL-VaPUC |9 508361 |
| 600 | 0 | 7 | |a LANZA, MARTIN |2 CL-VaPUC |9 509928 |
| 600 | 0 | 7 | |a VALDES VERGARA, FRANCISCO |2 CL-VaPUC |9 507036 |
| 650 | 0 | |a Guerra del Pacífico |9 314886 | |
| 650 | 0 | |a Diplomacia |9 256483 | |
| 650 | 7 | |a DOCUMENTOS |2 CL-VaPUC |9 366450 | |
| 651 | 0 | |a Bolivia |9 255454 | |
| 651 | 7 | |a CHILE |2 CL-VaPUC |9 509929 | |
| 583 | |a last modification |c 20070124 00:00:00 |k Rodrigo Vera | ||
| 999 | |c 321230 |d 321228 | ||
| 952 | |0 0 |1 0 |4 0 |6 983_000000000000000_FIE_1879 |7 0 |8 X |9 399923 |a FDOBUD |b FDOBUD |d 2019-11-22 |i 1030280 |o 983 FIE 1879 |p 1030280 |r 2019-11-22 |w 2019-11-22 |y BK_X |k BUD | ||
| 952 | |0 0 |1 0 |4 0 |6 983_000000000000000_FIE_1879 |7 0 |8 X |9 399924 |a FDOBUD |b FDOBUD |d 2019-11-22 |i 1030302 |o 983 FIE 1879 |p 1030302 |r 2019-11-22 |w 2019-11-22 |y BK_X |k BUD | ||